000 00678nam a22001937a 4500
999 _c175720
_d175720
005 20200923104210.0
010 _aENG-128449
020 _c90.00
_a9789388492362
035 _aEN-111981
037 _bDBAD/PUB
082 _a230.42
100 _aRao, K. Aravinda
245 _aSandhya Vandanam: A Vedic Meditation on the Supreme Reality/
_cby Dr. K. Aravinda Rao
260 _aVijaywada
_bEMESCO BOOKS
_c2019
270 _a33-22-2, Chandram Buildings, C.R.Road, Chuttungunta
_bVijaywada
_e520004
_k0866-2436643
_memescovja@gmail.com
300 _a143p.
_c21cm(pbk)
_bPictures and mantras
500 _aIncludes Source Books
942 _2ddc
_cEN
_h230.42
_mRAO